Score 0/26 Timer 07:00
3 Plays Today
Initials Name % Correct
MJMick Jagger
93.2%
MMMarilyn Monroe
86.3%
MFMorgan Freeman
84.7%
MXMalcolm X
81.1%
MOMarie Osmond
79.6%
MTMargaret Thatcher
73.2%
MBMel Brooks
73.1%
MGMohandas Gandhi
72.5%
MZMark Zuckerberg
68.7%
MRMickey Rourke
62.7%
MCMariah Carey
61.8%
MAMaya Angelou
58.8%
MDMike Ditka
58.1%
Initials Name % Correct
MWMark Wahlberg
54.2%
MKMichelle Kwan
53.8%
MNMartina Navratilova
52.8%
MPMario Puzo
51.2%
MEMelissa Etheridge
50.1%
MVMeredith Vieira
45.8%
MHMonty Hall
42%
MSMira Sorvino
29%
MLMartin Landau
26.4%
MQMartha Quinn
24.2%
MYMichael York
18.1%
MIMichael Ironside
12.6%
MUMichael Urie
4.7%

You're not logged in!

Compare scores with friends on all Sporcle quizzes.
OR
Log In

Sporcle TV

Today on Sporcle TV


Watch our educational content, quiz creation guides, and fun videos on Sporcle TV.

Show Comments

Extras

Top Quizzes Today


Score Distribution

Paid Content

Your Account Isn't Verified!

In order to create a playlist on Sporcle, you need to verify the email address you used during registration. Go to your Sporcle Settings to finish the process.

Report this User

Report this user for behavior that violates our Community Guidelines.

Details: